| 000 | 00382pab a2200145 454500 | ||
|---|---|---|---|
| 008 | 180718b2003 xxu||||| |||| 00| 0 eng d | ||
| 100 | _aMahadeva, M. | ||
| 245 | _aA critical reflection on development of Scheduled Castes | ||
| 260 | _c2003 | ||
| 300 | _ap.17-39. | ||
| 362 | _aJan-Jun | ||
| 650 | _aCaste | ||
| 773 | _aJournal of Social and Economic Development | ||
| 909 | _a59040 | ||
| 999 |
_c59040 _d59040 |
||